000 00490nam a2200193Ia 4500
005 20240823012502.0
008 240823s9999||||xx |||||||||||||| ||und||
020 _a81 7371 371 5
041 _aENGLISH
082 _A543.085 P1
100 _aSathyanarayana D N
245 0 _aElectronic Absorption Spectroscopy and Related Techniques
250 _a1st
260 _c2001
_b"UP,Hyd"
_aHydrabad
500 _aTRANSFERED
650 _aSpectrum
_bPhysics
942 _cBK
999 _c164533
_d164533